000 00679cab a2200241 4500
001 ABS68613
008 050107n2004 000 0 eng u
035 _a(Sirsi) u128469
245 _aFocus: East Midlands
260 _c2004
490 _aEstates Gazette
_vNovember 2004 (45) (LOAN)
590 _aABS
650 _aEAST MIDLANDS
650 _aPROPERTY-COMMERCIAL PROPERTY-OFFICE PROPERTY-OFFICE PROPERTY MARKET
650 _aNOTTINGHAM
650 _aSHOPPING CENTRES
650 _aLEICESTER
650 _aINDUSTRIAL MARKET
650 _aDERBY
650 _aURBAN REGENERATION
690 _aPROPERTY-COMMERCIAL PROPERTY-COMMERCIAL PROPERTY MARKET
942 _n0
999 _c74708
_d74708